000 00266nam a2200109Ia 4500
008 240625s9999 xx 000 0 und d
041 _aeng
082 _a658.1 GAU
100 _aGAUGHAN PATRICK A
245 _aMERGERS ACQUISITIONS AND CORPORATE RESTR
260 _c2014
999 _c40199
_d40199